000 00221nam a2200097Ia 4500
005 20251222114353.0
008 251222s1900||||xx |||||||||||||| ||spa||
082 _aDVD0120/F84/2005
245 0 _aFalstaff: Verdi:
942 _cDVD
999 _c1305
_d1305